Learn with Noddy: (Record no. 61499)

MARC details
000 -LEADER
fixed length control field 00538nam a22001697a 4500
005 - DATE AND TIME OF LATEST TRANSACTION
control field 20120125150921.0
020 ## - INTERNATIONAL STANDARD BOOK NUMBER
International Standard Book Number 9788128625664
Terms of availability 65.00
037 ## - SOURCE OF ACQUISITION
Stock number dpl
Source of stock number/acquisition Pub
082 ## - DEWEY DECIMAL CLASSIFICATION NUMBER
Classification number S
100 ## - MAIN ENTRY--PERSONAL NAME
Personal name Blyton's, Enid
245 ## - TITLE STATEMENT
Title Learn with Noddy:
Remainder of title A,B,C /
Statement of responsibility, etc by Enid Blyton's
260 ## - PUBLICATION, DISTRIBUTION, ETC. (IMPRINT)
Place of publication, distribution, etc Mumbai
Name of publisher, distributor, etc Euro Books
Date of publication, distribution, etc 2010
270 ## - ADDRESS
Address Dani Corporate park, first floor, 158, Vidyanagari Marg, Kalina, Santacruz (East)
City Mumbai
Postal code 400098 (India)
300 ## - PHYSICAL DESCRIPTION
Extent unpaged.
Other physical details col.ill
Dimensions 27cm(pbk)
942 ## - ADDED ENTRY ELEMENTS (KOHA)
Source of classification or shelving scheme Dewey Decimal Classification
Item type Children Books
Classification part S
Call number suffix BLY

No items available.


© Delhi Public Library
Hit Counter
free hit counter